00000000nam##2200000za#4500
0019.535886
003CaOODSP
00520200327073224
007ta
008150406|2002||||xxc|||||     f|0| 0 eng|d
020 |a0-660-61814-1
040 |aCaOODSP|beng
041 |aeng
041 |afre
043 |an-cn---
0861 |aBT31-2/2003-III-76
1101 |aCanada. |bTreasury Board.
24510|aOffices of the Information and Privacy Commissioners
260 |aOttawa - Ontario : |bTreasury Board of Canada Secretariat |c2002.
300 |aEnglish text, 33p. : |btables ; |c28 cm.
4901 |a2002-2003 estimates, part III: report on plans and priorities
546 |aBilingual
563 |aSoftcover
590 |a02-14|b2002-04-05
69007|aEstimates|2gcpds
69007|aFederal institutions|2gcpds
69007|aPrivacy|2gcpds
7760#|tOffices of the Information and Privacy Commissioners, 2002-2003 estimates, part III, report on plans and priorities |w(CaOODSP)9.568133
7760#|tCommissariats à l'information et à la protection de la vie privée, budget des dépenses 2002-2003, partie III, rapport sur les plans et les priorités |w(CaOODSP)9.599427
792 |tCommissariats à l'information et à la protection de la vie privée |efre|w(CaOODSP)9.535887
830#0|a2002-2003 estimates, part III: report on plans and priorities.|w(CaOODSP)9.508968